00198nam a2200085Ia 4500082001900000100002000019245003100039260003200070300001000102 aRR 025.303 BUC aBuchanan, Brian 0aGlossary of indexing terms aLondonbClive Bingleyc1976 a144p.